000 00334nam a22001457a 4500
008 221130b ||||| |||| 00| 0 eng d
020 _a9780803629547
041 _aeng
080 _2SEVENTH EDITION
_a61
082 _a61 GYL
100 _a4
101 _aMJK
245 _aMEDICAL TERMINOLOGY SYSTEMS
_cGYLYS A B
942 _2udc
_cBK
999 _c59046
_d59046